[Event "2. Bundesliga West 2017/18"]
[Site "Tirol"]
[Date "2017.10.13"]
[Round "1"]
[Board "1"]
[White "Bilchinski, Anton"]
[Black "Spornberger, Andre"]
[Result "0-1"]
[WhiteElo "2295"]
[BlackElo "2355"]
[PlyCount "74"]
[EventDate "2017.10.13"]
[EventType "team"]
[EventRounds "11"]
[EventCountry "AUT"]
[WhiteTeam "Pradl"]
[BlackTeam "Rochade Rum"]

1. d4 e6 2. c4 f5 3. g3 Nf6 4. Bg2 d5 5. Nh3 c6 6. O-O Bd6 7. Bf4 O-O 8. Nd2
Qe7 9. Qc2 Ne4 10. Nf3 Nd7 11. Rfd1 a5 12. Bxd6 Nxd6 13. cxd5 exd5 14. Nf4 Nf6
15. Rac1 Bd7 16. Nd3 Be8 17. Nfe5 Nd7 18. Nxd7 Bxd7 19. Qc5 Qf6 20. Ne5 Be8 21.
Rc3 Nf7 22. f4 Nxe5 23. dxe5 Qd8 24. Rb3 Rf7 25. Bh3 Qb8 26. Rb6 g6 27. a4 Qc7
28. e4 dxe4 29. Bf1 Rd7 30. Rd6 Rxd6 31. exd6 Qd7 32. Qc3 Rd8 33. Bc4+ Bf7 34.
Qf6 Rf8 35. Be2 Bd5 36. Qe7 Rf7 37. Qe5 Qd8  0-1

[Event "2. Bundesliga West 2017/18"]
[Site "Tirol"]
[Date "2017.10.13"]
[Round "1"]
[Board "2"]
[White "Gatterer, Florian"]
[Black "Eybl, Alexander"]
[Result "1/2-1/2"]
[WhiteElo "2271"]
[BlackElo "2270"]
[PlyCount "41"]
[EventDate "2017.10.13"]
[EventType "team"]
[EventRounds "11"]
[EventCountry "AUT"]
[WhiteTeam "Rochade Rum"]
[BlackTeam "Pradl"]

1. Nf3 Nf6 2. c4 e6 3. Nc3 d5 4. e3 c5 5. cxd5 exd5 6. d4 a6 7. Be2 Nc6 8. O-O
Bd6 9. dxc5 Bxc5 10. a3 O-O 11. b4 Ba7 12. Bb2 Re8 13. Rc1 Be6 14. Na4 Ne4 15.
Nd4 Qd6 16. Nxc6 bxc6 17. Bf3 Ng5 18. Bg4 Ne4 19. Bf3 Ng5 20. Bg4 Ne4 21. Bf3
  1/2-1/2

[Event "2. Bundesliga West 2017/18"]
[Site "Tirol"]
[Date "2017.10.13"]
[Round "1"]
[Board "3"]
[White "Everett, Elijah"]
[Black "Spornberger, Maximilian"]
[Result "1/2-1/2"]
[WhiteElo "2190"]
[BlackElo "2273"]
[PlyCount "64"]
[EventDate "2017.10.13"]
[EventType "team"]
[EventRounds "11"]
[EventCountry "AUT"]
[WhiteTeam "Pradl"]
[BlackTeam "Rochade Rum"]

1. e4 e6 2. d4 d5 3. Nc3 Bb4 4. e5 c5 5. a3 Bxc3+ 6. bxc3 Qa5 7. Bd2 Qa4 8. Qg4
g6 9. Qd1 b6 10. Nf3 Ba6 11. Bd3 Ne7 12. O-O Nd7 13. Qb1 Rc8 14. Bxa6 Qxa6 15.
a4 Qc4 16. Qb5 cxd4 17. cxd4 a6 18. Qxc4 Rxc4 19. c3 O-O 20. Rfb1 Nc6 21. Ne1
Na5 22. Nc2 Ra8 23. Kf1 Rc7 24. Ne3 Kg7 25. Ke2 h5 26. h4 Rf8 27. f4 f6 28. Rb4
Nc6 29. Rb2 Na5 30. Rb4 Nc6 31. Rb2 Na5 32. Rb4 Nc6  1/2-1/2

[Event "2. Bundesliga West 2017/18"]
[Site "Tirol"]
[Date "2017.10.13"]
[Round "1"]
[Board "4"]
[White "Moroder, Stefan"]
[Black "Sucher, Johannes"]
[Result "1/2-1/2"]
[WhiteElo "2212"]
[BlackElo "2068"]
[PlyCount "148"]
[EventDate "2017.10.13"]
[EventType "team"]
[EventRounds "11"]
[EventCountry "AUT"]
[WhiteTeam "Rochade Rum"]
[BlackTeam "Pradl"]

1. e4 d5 2. exd5 Nf6 3. Nf3 Bg4 4. h3 Bh5 5. Be2 Nxd5 6. d4 e6 7. O-O Be7 8. c4
Nb6 9. Nc3 O-O 10. Be3 Nc6 11. b3 Bf6 12. Ne4 Bxf3 13. Nxf6+ Qxf6 14. Bxf3 Rad8
15. Bxc6 bxc6 16. Qg4 Qg6 17. Rfe1 Qxg4 18. hxg4 Rd7 19. f3 f6 20. Bf2 Kf7 21.
Re2 Nc8 22. Rae1 Re8 23. Kh2 Nd6 24. d5 cxd5 25. cxd5 exd5 26. Rxe8 Nxe8 27.
Bxa7 c6 28. Bb6 Nc7 29. Rc1 d4 30. Rxc6 d3 31. Be3 Nb5 32. a4 Nd4 33. Bxd4 Rxd4
34. Rc1 Ke6 35. Kg3 Kd5 36. Kf2 Rb4 37. Ke3 Rxb3 38. Rc7 g5 39. Rxh7 Ra3 40.
Ra7 Ke5 41. Re7+ Kd6 42. Re4 Kd5 43. Kd2 Kd6 44. Rd4+ Ke5 45. Rb4 Ke6 46. Ke3
Kf7 47. Rb7+ Ke6 48. Ra7 Kd6 49. a5 Ke6 50. Ra6+ Ke5 51. Ra8 Ke6 52. Ra7 Kd6
53. a6 Ke6 54. Ra8 Kf7 55. Kd2 Kg7 56. g3 Kh7 57. a7 Kg7 58. f4 Kh7 59. Rf8
Rxa7 60. Rxf6 Ra2+ 61. Ke3 d2 62. Rd6 Ra3+ 63. Kf2 Ra2 64. Rd7+ Kh8 65. Kf3
Ra3+ 66. Ke4 Rxg3 67. fxg5 Rxg4+ 68. Kf5 Ra4 69. Rxd2 Ra5+ 70. Kg6 Ra6+ 71. Kh5
Kg7 72. Rd7+ Kg8 73. Rb7 Rc6 74. g6 Rc1  1/2-1/2

[Event "2. Bundesliga West 2017/18"]
[Site "Tirol"]
[Date "2017.10.13"]
[Round "1"]
[Board "5"]
[White "Mitterwald, Johannes"]
[Black "Hengl, Christian"]
[Result "1-0"]
[WhiteElo "2189"]
[BlackElo "2153"]
[PlyCount "91"]
[EventDate "2017.10.13"]
[EventType "team"]
[EventRounds "11"]
[EventCountry "AUT"]
[WhiteTeam "Pradl"]
[BlackTeam "Rochade Rum"]

1. e4 e6 2. d3 d5 3. Nd2 Nf6 4. Ngf3 c5 5. g3 Nc6 6. Bg2 b6 7. O-O Bb7 8. Re1
Be7 9. c3 Qc7 10. Nf1 O-O-O 11. Bf4 e5 12. Nxe5 Nxe5 13. d4 dxe4 14. Bxe5 Bd6
15. Bxf6 gxf6 16. Bxe4 Bxe4 17. Rxe4 f5 18. Rh4 f4 19. dxc5 Qxc5 20. Qf3 fxg3
21. hxg3 Kb8 22. a4 Bc7 23. Rh5 Qc4 24. Ne3 Qe6 25. a5 Rd3 26. a6 Qc8 27. Qe4
Rd2 28. Nc4 Rd7 29. Ne5 Bxe5 30. Qxe5+ Rc7 31. Rh6 Re8 32. Qf4 Re6 33. Rxh7 Qe8
34. Rd1 Kc8 35. Qf3 Kb8 36. Kg2 b5 37. Rdh1 Qc6 38. Rh8+ Rc8 39. Rxc8+ Kxc8 40.
Rh7 Qxf3+ 41. Kxf3 Rf6+ 42. Ke3 Kc7 43. g4 Kb6 44. g5 Rf5 45. f4 Kxa6 46. Ke4
  1-0

[Event "2. Bundesliga West 2017/18"]
[Site "Tirol"]
[Date "2017.10.13"]
[Round "1"]
[Board "6"]
[White "Jedinger, Andreas"]
[Black "Praxmarer, Christian"]
[Result "1/2-1/2"]
[WhiteElo "2108"]
[BlackElo "1974"]
[PlyCount "128"]
[EventDate "2017.10.13"]
[EventType "team"]
[EventRounds "11"]
[EventCountry "AUT"]
[WhiteTeam "Rochade Rum"]
[BlackTeam "Pradl"]

1. c4 e6 2. Nf3 f5 3. g3 Nf6 4. Bg2 Be7 5. O-O O-O 6. Nc3 d6 7. d4 a5 8. Re1
Ne4 9. Qc2 Nxc3 10. bxc3 Nc6 11. d5 Ne5 12. Nd4 Nxc4 13. dxe6 d5 14. Nxf5 Bxe6
15. Nxe7+ Qxe7 16. e4 Qc5 17. Bf4 Rad8 18. Rad1 c6 19. Rd4 Na3 20. Qd2 Nb5 21.
Rd3 d4 22. cxd4 Rxd4 23. Rxd4 Qxd4 24. Qxa5 Qc3 25. Qxc3 Nxc3 26. a3 Ra8 27.
Bd6 Nb5 28. Bc5 Ra6 29. Bf1 Ra4 30. Bxb5 cxb5 31. Bb4 Ra6 32. Kg2 Rc6 33. Re2
Rc1 34. Rd2 Kf7 35. f4 g6 36. Kf2 Ra1 37. Ke3 Ra2 38. f5 gxf5 39. exf5 Bc4 40.
Rd7+ Kf6 41. Rxh7 Kxf5 42. Rh4 Bd5 43. Rf4+ Ke5 44. h4 Rc2 45. Rg4 Rc4 46. Rg5+
Ke6 47. h5 Re4+ 48. Kd3 Re5 49. Rg6+ Kf7 50. g4 Re8 51. Kd4 Bf3 52. Rg5 Bd1 53.
Rxb5 Rd8+ 54. Ke4 Bxg4 55. Rxb7+ Rd7 56. Rxd7+ Bxd7 57. h6 Ba4 58. Ke5 Bc2 59.
Kd6 Ke8 60. a4 Kd8 61. Kc5 Kc7 62. Kb5 Kb7 63. Bd6 Bd3+ 64. Kc5 Bc2  1/2-1/2

[Event "2. Bundesliga West 2017/18"]
[Site "Tirol"]
[Date "2017.10.13"]
[Round "1"]
[Board "1"]
[White "Michalik, Peter"]
[Black "Fedorovsky, Michael"]
[Result "1-0"]
[WhiteElo "2546"]
[BlackElo "2478"]
[PlyCount "91"]
[EventDate "2017.10.13"]
[EventType "team"]
[EventRounds "11"]
[EventCountry "AUT"]
[WhiteTeam "Zillertal"]
[BlackTeam "Jenbach 2"]

1. e4 c5 2. Nf3 d6 3. Bb5+ Bd7 4. Bxd7+ Qxd7 5. c4 e5 6. Nc3 g6 7. d3 Bg7 8.
Nd2 Nc6 9. Nf1 Nge7 10. h4 h6 11. h5 g5 12. Ne3 f5 13. exf5 Nxf5 14. Qg4 Nxe3
15. Qxd7+ Kxd7 16. fxe3 e4 17. Nxe4 Rae8 18. Bd2 Ne5 19. Nf2 g4 20. Ke2 g3 21.
Nd1 Nc6 22. Nc3 Rhf8 23. Raf1 Ne5 24. Rxf8 Rxf8 25. Be1 Ng4 26. Rh4 Bxc3 27.
bxc3 Rg8 28. e4 Ke6 29. Bxg3 Ne5 30. Bxe5 Kxe5 31. Kf3 Rf8+ 32. Ke3 Rg8 33. d4+
Ke6 34. d5+ Ke7 35. Kf3 Rg5 36. Rg4 Rxh5 37. Rg7+ Kf6 38. Rd7 Rh1 39. Rxd6+ Ke7
40. e5 Rc1 41. Rxh6 Rxc3+ 42. Kf4 Rxc4+ 43. Kf5 Rd4 44. Rh7+ Kf8 45. d6 c4 46.
Rxb7  1-0

[Event "2. Bundesliga West 2017/18"]
[Site "Tirol"]
[Date "2017.10.13"]
[Round "1"]
[Board "2"]
[White "Reich, Thomas"]
[Black "Lanka, Zigurds"]
[Result "0-1"]
[WhiteElo "2365"]
[BlackElo "2426"]
[PlyCount "104"]
[EventDate "2017.10.13"]
[EventType "team"]
[EventRounds "11"]
[EventCountry "AUT"]
[WhiteTeam "Jenbach 2"]
[BlackTeam "Zillertal"]

1. d4 Nf6 2. Nf3 e6 3. Bf4 b6 4. e3 Bb7 5. a4 c5 6. a5 cxd4 7. exd4 Nd5 8. Bc1
bxa5 9. c3 Be7 10. Nbd2 Nc6 11. Nc4 O-O 12. Bd3 Qc7 13. g3 f5 14. O-O Rae8 15.
Re1 Ba8 16. Bf1 Bf6 17. Qa4 Kh8 18. Bg2 Nb6 19. Bf4 Qc8 20. Nxb6 axb6 21. Qb5
Bd8 22. Bd6 Rf6 23. d5 Na7 24. Qd3 Bc7 25. Be5 Rff8 26. d6 Bd8 27. b4 Be4 28.
Qe3 Nc6 29. b5 Bxf3 30. bxc6 Bxc6 31. Qd4 Bf6 32. Bxf6 Rxf6 33. Qxb6 Bxg2 34.
Kxg2 f4 35. Qd4 Ref8 36. Rxa5 fxg3 37. fxg3 Qb7+ 38. Qe4 Qb2+ 39. Re2 Qc1 40.
Kh3 Rh6+ 41. Kg4 Rg6+ 42. Kh3 Qf1+ 43. Rg2 Rh6+ 44. Kg4 Qd1+ 45. Re2 Rxh2 46.
Ra8 Rhf2 47. Qc2 h5+ 48. Kxh5 Qh1+ 49. Kg4 Qf3+ 50. Kh4 g5+ 51. Kxg5 Qxg3+ 52.
Kh5 Qh3+  0-1

[Event "2. Bundesliga West 2017/18"]
[Site "Tirol"]
[Date "2017.10.13"]
[Round "1"]
[Board "3"]
[White "Hausner, Ivan"]
[Black "Micheli, Carlo"]
[Result "1-0"]
[WhiteElo "2321"]
[BlackElo "2221"]
[PlyCount "115"]
[EventDate "2017.10.13"]
[EventType "team"]
[EventRounds "11"]
[EventCountry "AUT"]
[WhiteTeam "Zillertal"]
[BlackTeam "Jenbach 2"]

1. c4 d6 2. Nc3 e5 3. g3 Nc6 4. Bg2 g6 5. e3 Bg7 6. Nge2 Nh6 7. Rb1 O-O 8. b4
f5 9. d3 g5 10. Nd5 Ne7 11. f4 gxf4 12. exf4 c6 13. Nxe7+ Qxe7 14. O-O Be6 15.
Qb3 e4 16. Bb2 b5 17. Bxg7 Qxg7 18. Rfe1 bxc4 19. dxc4 a5 20. Rbd1 Qa7+ 21. Nd4
axb4 22. h3 Qc5 23. Kh2 Bxc4 24. Qb1 Rxa2 25. Nc2 b3 26. Ne3 Be6 27. g4 d5 28.
Qxb3 Ra3 29. Qc2 Rc3 30. Qf2 fxg4 31. Qh4 g3+ 32. Qxg3+ Kh8 33. f5 Nxf5 34.
Qe5+ Ng7 35. Nf1 Rc2 36. Ne3 Rc3 37. Nf1 Rb3 38. Ng3 Qb6 39. Rc1 Bd7 40. Rf1
Re8 41. Qg5 Qe3 42. Qh4 Kg8 43. Rc2 h6 44. Nh5 Nxh5 45. Qxh5 Qg3+ 46. Kh1 Qg7
47. Rcf2 Re7 48. Rf8+ Qxf8 49. Rxf8+ Kxf8 50. Qxh6+ Kf7 51. h4 Re5 52. Qd6 Re7
53. h5 Be6 54. h6 e3 55. h7 e2 56. h8=Q e1=Q+ 57. Kh2 Bg4 58. Qdf6#  1-0

[Event "2. Bundesliga West 2017/18"]
[Site "Tirol"]
[Date "2017.10.13"]
[Round "1"]
[Board "4"]
[White "Binder, Moriz"]
[Black "Platzgummer, Fabian"]
[Result "1/2-1/2"]
[WhiteElo "2218"]
[BlackElo "2343"]
[PlyCount "142"]
[EventDate "2017.10.13"]
[EventType "team"]
[EventRounds "11"]
[EventCountry "AUT"]
[WhiteTeam "Jenbach 2"]
[BlackTeam "Zillertal"]

1. d4 d5 2. c4 c6 3. Nf3 Nf6 4. e3 Bf5 5. Nc3 e6 6. Nh4 Bg4 7. Qb3 Qb6 8. h3
Bh5 9. Bd2 Nbd7 10. Rc1 Be7 11. g4 Bg6 12. Qxb6 axb6 13. cxd5 exd5 14. Nxg6
hxg6 15. Bg2 b5 16. a3 Nb6 17. Ke2 Nc4 18. Rc2 Nd7 19. e4 Nxd2 20. Rxd2 dxe4
21. Bxe4 O-O-O 22. Kf1 Bf6 23. Rc2 Bxd4 24. Nxb5 Be5 25. Kg2 Kb8 26. Nc3 Nc5
27. Bf3 Ne6 28. Ne2 Ng5 29. h4 Nxf3 30. Kxf3 Bf6 31. Nf4 Rxh4 32. Rxh4 Bxh4 33.
Re2 Bf6 34. b3 g5 35. Nh5 Rd3+ 36. Re3 Rxe3+ 37. Kxe3 Bb2 38. a4 Kc7 39. Ng3
Kd6 40. Ne4+ Kd5 41. Kd3 f6 42. Nd2 Bd4 43. f3 Bb6 44. Nc4 Bf2 45. Ke2 Bg1 46.
Kd3 g6 47. Na5 b6 48. Nc4 f5 49. a5 bxa5 50. Nxa5 c5 51. Nc4 Bf2 52. Ke2 Bd4
53. Kd3 Bg1 54. Nb6+ Ke5 55. Ke2 fxg4 56. fxg4 Kf4 57. b4 cxb4 58. Nd5+ Kxg4
59. Nxb4 Kh3 60. Nd3 Bd4 61. Kf3 g4+ 62. Ke4 Ba7 63. Nf4+ Kh2 64. Nxg6 Bb8 65.
Nh4 g3 66. Kf3 Kh3 67. Ng2 Bd6 68. Ne3 Be7 69. Nd5 Bg5 70. Nc3 g2 71. Ne2 Be7
  1/2-1/2

[Event "2. Bundesliga West 2017/18"]
[Site "Tirol"]
[Date "2017.10.13"]
[Round "1"]
[Board "6"]
[White "Fuchs, Georg"]
[Black "Kupfner, Franz"]
[Result "1/2-1/2"]
[WhiteElo "2156"]
[BlackElo "2168"]
[PlyCount "103"]
[EventDate "2017.10.13"]
[EventType "team"]
[EventRounds "11"]
[EventCountry "AUT"]
[WhiteTeam "Jenbach 2"]
[BlackTeam "Zillertal"]

1. e4 c5 2. Nf3 d6 3. Nc3 Nf6 4. d4 cxd4 5. Qxd4 Nc6 6. Bb5 Bd7 7. Bxc6 Bxc6 8.
Bg5 e6 9. O-O-O Be7 10. Rhe1 Qa5 11. Nd5 Bxd5 12. exd5 Qxa2 13. dxe6 O-O 14.
Rd3 Qa1+ 15. Kd2 Qa5+ 16. b4 Qb5 17. Rde3 fxe6 18. Rxe6 Ne4+ 19. R1xe4 Bxg5+
20. Ke1 Bf6 21. Qc4 Qxc4 22. Rxc4 d5 23. Rc5 Rac8 24. Rxc8 Rxc8 25. Ne5 Bxe5
26. Rxe5 Rxc2 27. Rxd5 Rc7 28. Kd2 Kf7 29. f4 Ke6 30. Re5+ Kf6 31. g4 h6 32. h4
Rc4 33. Rf5+ Ke6 34. b5 Rb4 35. Kc3 Rb1 36. Re5+ Kf6 37. Kc4 g6 38. Kc5 a6 39.
bxa6 bxa6 40. h5 gxh5 41. gxh5 Rf1 42. Kd5 Rxf4 43. Re6+ Kg5 44. Rxa6 Kxh5 45.
Ke5 Rf2 46. Ra1 Kg4 47. Rg1+ Kh3 48. Rh1+ Rh2 49. Rxh2+ Kxh2 50. Kf5 h5 51. Kg5
Kh1 52. Kxh5  1/2-1/2

[Event "2. Bundesliga West 2017/18"]
[Site "Eisengasse 19a, 6850 Dornbirn"]
[Date "2017.10.13"]
[Round "1"]
[Board "1"]
[White "Sergeev, Vladimir"]
[Black "Henrichs, Thomas"]
[Result "1-0"]
[WhiteElo "2417"]
[BlackElo "2482"]
[PlyCount "148"]
[EventDate "2017.10.13"]
[EventType "team"]
[EventRounds "11"]
[EventCountry "AUT"]
[WhiteTeam "Bregenz"]
[BlackTeam "Hohenems II"]

1. d4 Nf6 2. Nf3 g6 3. Bg5 Bg7 4. Nbd2 O-O 5. c3 d6 6. a4 h6 7. Bh4 Nh5 8. e4
g5 9. Bg3 e6 10. Ng1 Nxg3 11. hxg3 c5 12. dxc5 d5 13. Ngf3 Nd7 14. exd5 Nxc5
15. b4 Na6 16. Bxa6 bxa6 17. Qb3 Bb7 18. Rc1 Bxd5 19. c4 Bb7 20. Rd1 Qe7 21.
O-O Rab8 22. Rb1 Rfd8 23. Rfd1 Ba8 24. g4 Rd7 25. b5 axb5 26. axb5 a6 27. Nf1
axb5 28. Rxd7 Qxd7 29. cxb5 Be4 30. Rd1 Bd5 31. Ne3 Bxb3 32. Rxd7 Rxb5 33. Nd4
Bxd4 34. Rxd4 Kg7 35. Rd7 Rb4 36. Ra7 Rb6 37. Rc7 Ba2 38. Rc5 Rb4 39. Ra5 Bb1
40. Rc5 Bg6 41. Ra5 Bd3 42. Rc5 Be2 43. f3 Rb2 44. Rc2 Rb1+ 45. Kf2 Bd3 46. Rd2
Rb3 47. Ra2 Kg6 48. Rd2 f5 49. gxf5+ exf5 50. Nd5 f4 51. Ne7+ Kf7 52. Nc6 Kf6
53. Nd4 Rc3 54. Ne2 Ra3 55. Nc1 Bc4 56. Rc2 Ra4 57. Ne2 Ke5 58. Nc3 Ra1 59. Ne2
Bd3 60. Rd2 Ra3 61. Nc1 Bc4 62. Ne2 h5 63. Rc2 Bd5 64. Nc3 Bb7 65. Re2+ Kf5 66.
Nb5 Rd3 67. Rb2 Bc6 68. Rc2 Bd7 69. Rc5+ Kg6 70. Nc3 g4 71. Ne2 Rd2 72. Ke1 Ra2
73. Nxf4+ Kf7 74. Rxh5 Rxg2  1-0

[Event "2. Bundesliga West 2017/18"]
[Site "Eisengasse 19a, 6850 Dornbirn"]
[Date "2017.10.13"]
[Round "1"]
[Board "2"]
[White "Froewis, Georg"]
[Black "Dobosz, Henryk"]
[Result "1/2-1/2"]
[WhiteElo "2431"]
[BlackElo "2378"]
[PlyCount "33"]
[EventDate "2017.10.13"]
[EventType "team"]
[EventRounds "11"]
[EventCountry "AUT"]
[WhiteTeam "Hohenems II"]
[BlackTeam "Bregenz"]

1. Nf3 d5 2. g3 Nc6 3. d4 Bf5 4. Bg2 Nb4 5. Na3 e6 6. c3 Nc6 7. Nc2 Nf6 8. Nh4
Bg4 9. h3 Bh5 10. Bg5 Be7 11. Bf3 Bxf3 12. Nxf3 Ne4 13. Bxe7 Qxe7 14. e3 O-O
15. Qe2 a6 16. O-O Rad8 17. Rad1  1/2-1/2

[Event "2. Bundesliga West 2017/18"]
[Site "Eisengasse 19a, 6850 Dornbirn"]
[Date "2017.10.13"]
[Round "1"]
[Board "3"]
[White "Ciolek, Andreas"]
[Black "Berchtenbreiter, Maximilian"]
[Result "0-1"]
[WhiteElo "2218"]
[BlackElo "2377"]
[PlyCount "82"]
[EventDate "2017.10.13"]
[EventType "team"]
[EventRounds "11"]
[EventCountry "AUT"]
[WhiteTeam "Bregenz"]
[BlackTeam "Hohenems II"]

1. e4 c6 2. Nc3 d5 3. Nf3 dxe4 4. Nxe4 Nf6 5. Nxf6+ exf6 6. d4 Bd6 7. Bd3 Qb6
8. b3 O-O 9. Be2 Bb4+ 10. Bd2 Bg4 11. c3 Bd6 12. O-O Re8 13. h3 Bh5 14. Re1 c5
15. Nh4 Bg6 16. Nxg6 hxg6 17. Bc4 Nc6 18. Qg4 cxd4 19. Qxg6 Qc7 20. cxd4 Nxd4
21. Qh5 Re5 22. Rxe5 Bxe5 23. Rc1 f5 24. Re1 Rf8 25. Bc3 b5 26. Bxd4 Bxd4 27.
Bd3 g6 28. Qe2 a6 29. Qf3 Rd8 30. h4 Kg7 31. g3 Qa5 32. Qe2 Qb4 33. h5 Bxf2+
34. Kxf2 Qd4+ 35. Kg2 Qxd3 36. Qe5+ Kh6 37. hxg6 Kxg6 38. Qe7 Qd5+ 39. Kf2 Rh8
40. Ke3 Rh2 41. Re2 Qe4+  0-1

[Event "2. Bundesliga West 2017/18"]
[Site "Eisengasse 19a, 6850 Dornbirn"]
[Date "2017.10.13"]
[Round "1"]
[Board "4"]
[White "Burschowsky, Matthias"]
[Black "Poettinger, Harald"]
[Result "1-0"]
[WhiteElo "2191"]
[BlackElo "2198"]
[PlyCount "59"]
[EventDate "2017.10.13"]
[EventType "team"]
[EventRounds "11"]
[EventCountry "AUT"]
[WhiteTeam "Hohenems II"]
[BlackTeam "Bregenz"]

1. c4 e5 2. g3 d6 3. Bg2 f5 4. d4 Be7 5. Nc3 Nf6 6. e3 O-O 7. Nge2 c6 8. O-O
Na6 9. b3 Nc7 10. Ba3 e4 11. d5 c5 12. f3 exf3 13. Bxf3 g5 14. Bb2 Nd7 15. Qc2
Ne5 16. Bg2 Qe8 17. e4 Qg6 18. exf5 Bxf5 19. Ne4 Bf6 20. Nxf6+ Rxf6 21. Qd2 Re8
22. h3 h6 23. g4 Bd7 24. Rxf6 Qxf6 25. Rf1 Qe7 26. Ng3 Rf8 27. Re1 Ne8 28. Bxe5
dxe5 29. Qe3 Nd6 30. Qxc5  1-0

[Event "2. Bundesliga West 2017/18"]
[Site "Eisengasse 19a, 6850 Dornbirn"]
[Date "2017.10.13"]
[Round "1"]
[Board "5"]
[White "Barthelmann, Benno"]
[Black "Kranzl, Julian"]
[Result "1/2-1/2"]
[WhiteElo "2103"]
[BlackElo "2141"]
[PlyCount "77"]
[EventDate "2017.10.13"]
[EventType "team"]
[EventRounds "11"]
[EventCountry "AUT"]
[WhiteTeam "Bregenz"]
[BlackTeam "Hohenems II"]

1. c4 e6 2. g3 d5 3. Bg2 Nf6 4. Nf3 dxc4 5. O-O Bd7 6. Ne5 Bc6 7. Nxc6 Nxc6 8.
Bxc6+ bxc6 9. Nc3 Qd4 10. Qa4 Qc5 11. d4 cxd3 12. Be3 Qd6 13. Rfd1 Qd7 14. Rxd3
Bd6 15. Bg5 Nd5 16. Rad1 h6 17. Bc1 Nb6 18. Qc2 O-O 19. Ne4 Nd5 20. a3 Rfd8 21.
Nxd6 cxd6 22. e4 Ne7 23. Rxd6 Qxd6 24. Rxd6 Rxd6 25. Be3 Rd7 26. h4 Rad8 27.
Kg2 Kh7 28. Qc5 Rb8 29. Bd4 Rb5 30. Qc3 f6 31. Qc4 e5 32. Bc3 Rb8 33. Qe6 Rdb7
34. Bb4 Kh8 35. h5 Rc8 36. Bd6 c5 37. Qc4 Rc6 38. Qe6 Rbb6 39. Qxe7  1/2-1/2

[Event "2. Bundesliga West 2017/18"]
[Site "Eisengasse 19a, 6850 Dornbirn"]
[Date "2017.10.13"]
[Round "1"]
[Board "6"]
[White "Heinrici, Simon"]
[Black "Kozissnik, Christian"]
[Result "1/2-1/2"]
[WhiteElo "2099"]
[BlackElo "1904"]
[PlyCount "93"]
[EventDate "2017.10.13"]
[EventType "team"]
[EventRounds "11"]
[EventCountry "AUT"]
[WhiteTeam "Hohenems II"]
[BlackTeam "Bregenz"]

1. e4 e6 2. d4 d5 3. Nc3 Nf6 4. Bg5 Bb4 5. exd5 exd5 6. Bd3 O-O 7. Nge2 Bg4 8.
f3 Bh5 9. O-O c6 10. Nf4 Bg6 11. Nxg6 hxg6 12. Ne2 Bd6 13. Qd2 Nbd7 14. c3 Re8
15. Bf4 Nf8 16. Bxd6 Qxd6 17. Qf4 Qxf4 18. Nxf4 g5 19. Nh3 Re3 20. Rad1 N8h7
21. Bxh7+ Nxh7 22. Rfe1 Rae8 23. Rxe3 Rxe3 24. Kf2 Re7 25. Rd3 f5 26. Re3 Kf7
27. Rxe7+ Kxe7 28. g3 Kf6 29. Ke3 Nf8 30. Nf2 g6 31. Nd3 Nd7 32. Kd2 a6 33. Ke3
a5 34. a4 Nb6 35. b3 Nd7 36. Nc5 Nxc5 37. dxc5 Ke5 38. f4+ Kf6 39. Kd4 g4 40.
Ke3 Ke6 41. Kd4 Kf6 42. Ke3 Ke7 43. Kd3 Ke6 44. Kd4 Kf6 45. Ke3 Ke6 46. Kd4 Kf6
47. Ke3  1/2-1/2

[Event "2. Bundesliga West 2017/18"]
[Site "Eisengasse 19a, 6850 Dornbirn"]
[Date "2017.10.13"]
[Round "1"]
[Board "1"]
[White "Drabke, Lorenz"]
[Black "Kessler, Luca"]
[Result "1/2-1/2"]
[WhiteElo "2453"]
[BlackElo "2431"]
[PlyCount "67"]
[EventDate "2017.10.13"]
[EventType "team"]
[EventRounds "11"]
[EventCountry "AUT"]
[WhiteTeam "Dornbirn"]
[BlackTeam "Goetzis 2"]

1. e4 e5 2. Nf3 Nc6 3. Nc3 Nf6 4. Bb5 Bb4 5. O-O O-O 6. d3 Bxc3 7. bxc3 d6 8.
Re1 a6 9. Bxc6 bxc6 10. d4 Qe7 11. Ba3 Nd7 12. Qd3 Qe6 13. c4 exd4 14. Nxd4 Ne5
15. Nxe6 Nxd3 16. cxd3 Bxe6 17. f4 c5 18. f5 Bd7 19. g4 f6 20. Kf2 Kf7 21. Bb2
h5 22. h3 hxg4 23. hxg4 Rh8 24. Rh1 a5 25. Bc3 a4 26. Ke3 g5 27. a3 Ke7 28.
Rab1 Bc6 29. Kf3 Rae8 30. Ba5 Kd7 31. Bc3 Ke7 32. Kg3 Ra8 33. Kg2 Raf8 34. Kg3
 1/2-1/2

[Event "2. Bundesliga West 2017/18"]
[Site "Eisengasse 19a, 6850 Dornbirn"]
[Date "2017.10.13"]
[Round "1"]
[Board "2"]
[White "Anistratov, Dmitrij"]
[Black "Novkovic, Milan"]
[Result "1/2-1/2"]
[WhiteElo "2274"]
[BlackElo "2362"]
[PlyCount "62"]
[EventDate "2017.10.13"]
[EventType "team"]
[EventRounds "11"]
[EventCountry "AUT"]
[WhiteTeam "Goetzis 2"]
[BlackTeam "Dornbirn"]

1. e4 c6 2. d3 d5 3. Nd2 e5 4. Ngf3 Bd6 5. d4 exd4 6. exd5 cxd5 7. Nxd4 Nc6 8.
N2b3 Nf6 9. Bb5 O-O 10. Nxc6 Qe8+ 11. Ne7+ Qxe7+ 12. Be2 Re8 13. Be3 Qc7 14. h3
Rxe3 15. fxe3 Bg3+ 16. Kf1 Qe5 17. Bd3 Qxb2 18. Qf3 Qe5 19. Ke2 Bd7 20. Rhf1
Re8 21. Kd2 Qc7 22. Rac1 Bc6 23. Nd4 h5 24. Qe2 Qa5+ 25. c3 Qxa2+ 26. Rc2 Qa5
27. Rxf6 gxf6 28. Qxh5 Re5 29. Qf3 Bh2 30. Nf5 Rxf5 31. Qxf5 Be5  1/2-1/2

[Event "2. Bundesliga West 2017/18"]
[Site "Eisengasse 19a, 6850 Dornbirn"]
[Date "2017.10.13"]
[Round "1"]
[Board "3"]
[White "Leutwyler, Martin"]
[Black "Mueller, Philipp"]
[Result "1/2-1/2"]
[WhiteElo "2200"]
[BlackElo "2220"]
[PlyCount "148"]
[EventDate "2017.10.13"]
[EventType "team"]
[EventRounds "11"]
[EventCountry "AUT"]
[WhiteTeam "Dornbirn"]
[BlackTeam "Goetzis 2"]

1. d4 Nf6 2. c4 e6 3. g3 c5 4. d5 exd5 5. cxd5 d6 6. Nc3 g6 7. Bg2 Bg7 8. Nf3
O-O 9. O-O Re8 10. Re1 Ne4 11. Nxe4 Rxe4 12. Nd2 Re8 13. a4 Nd7 14. Nc4 Nb6 15.
Na3 Bg4 16. a5 Nc8 17. Nc4 b5 18. axb6 Nxb6 19. Na5 Qd7 20. Qc2 Bf5 21. e4 Bh3
22. Bd2 Bxg2 23. Kxg2 f5 24. f3 Rab8 25. Bc3 Qf7 26. b3 Rf8 27. Rf1 Rbe8 28.
Nc6 Bxc3 29. Qxc3 fxe4 30. fxe4 Nxd5 31. Qd2 Nf6 32. Qxd6 Qxb3 33. Rxa7 Qb2+
34. Kg1 Nxe4 35. Rxf8+ Rxf8 36. Qd5+ Kh8 37. Qe5+ Qxe5 38. Nxe5 Rf5 39. Nf7+
Kg7 40. Nd6+ Kh6 41. Nxe4 Re5 42. Ra4 g5 43. Rc4 Kg6 44. Nxc5 h5 45. Kf2 Rf5+
46. Ke3 Rf1 47. Rc2 Rg1 48. Kf2 Rb1 49. Ne4 Kf5 50. Nd2 Rb5 51. Nf3 Ra5 52. Ne1
Rd5 53. Ng2 Rb5 54. Re2 Kg4 55. Ne3+ Kh3 56. Kf3 Re5 57. Rf2 Re8 58. Ke2 Rd8
59. Kf1 Rd3 60. Re2 Rd4 61. Rf2 Ra4 62. Kg1 Ra1+ 63. Rf1 Ra2 64. Rf5 Rxh2 65.
Rxg5 Ra2 66. Nf5 Rb2 67. Ne3 Ra2 68. Nf1 h4 69. Rh5 Ra4 70. Kf2 Re4 71. Kf3 Rg4
72. Rh8 Ra4 73. Ne3 Rb4 74. g4 Rxg4  1/2-1/2

[Event "2. Bundesliga West 2017/18"]
[Site "Eisengasse 19a, 6850 Dornbirn"]
[Date "2017.10.13"]
[Round "1"]
[Board "4"]
[White "Mittelberger, Peter"]
[Black "Klings, Peter"]
[Result "1-0"]
[WhiteElo "2180"]
[BlackElo "2160"]
[PlyCount "63"]
[EventDate "2017.10.13"]
[EventType "team"]
[EventRounds "11"]
[EventCountry "AUT"]
[WhiteTeam "Goetzis 2"]
[BlackTeam "Dornbirn"]

1. g3 c5 2. c4 Nc6 3. Bg2 g6 4. Nc3 Bg7 5. Nf3 d6 6. O-O Qd7 7. a3 b6 8. Rb1
Bb7 9. d3 e6 10. Bd2 Nge7 11. b4 O-O 12. Qc1 Rfd8 13. Rd1 Nf5 14. e3 Rac8 15.
Ne2 Ne5 16. Nxe5 Bxe5 17. Bxb7 Qxb7 18. e4 Nd4 19. Nxd4 Bxd4 20. Be3 Bxe3 21.
Qxe3 Qe7 22. Rbc1 Rc7 23. Re1 Qf6 24. Rc2 Rdc8 25. b5 a6 26. bxa6 Ra7 27. Rb1
Rxa6 28. Rb3 Kg7 29. Kg2 Qa1 30. Rcb2 Rxa3 31. Rb1 Qa2 32. R3b2  1-0